000 01475nam a2200397 a 4500
001 20628
003 VRT
005 20260128113723.0
008 250414s1985 xo 0 slo
015 _aSNBA1985/07
035 _aSNK000037778
039 9 _a202504141425
_bVLOAD
_c202503180824
_dAUTHORITY
_c202403141433
_dVLOAD
_c202109281347
_dVLOAD
040 _aSNK
_bslo
_cSNK
_eAACR2
041 0 _axo
044 _axo
_cSK
080 _a820 (411)-3
_21981
100 1 _aGibbon, Lewis Grassic,
_d1901-1935
_4aut
245 1 0 _aŠkótska sága. 2. /diel/
_bOblaky nad údolím
_cLewis Grassic Gibbon ; Magda Žáryová, Adela Jakabová, Ján Turan
250 _a1. vyd.
260 _aBratislava
_bPravda
_c1985
_eBratislava
_fPravda
300 _a216 s., 12,21 AH
_c21 cm
366 _e33000 výtl.
490 0 _aMaják
500 _aČlenská knižnica Pravda. Ilustr. na front. a predsádkach Cena za 1., 2. a 3. zv. 65 Kčs.
700 1 _aŽáryová, Magda,
_d1927-2009
_4trl
700 1 _aJakabová, Adela,
_d1945-
_4bkd
700 1 _aTuran, Ján
_4oth
942 _2ddc
_cKLDO
_n0
949 _6273K0034171
_asvkpoA 133438/II
_bsvkpo318322
949 _6273K0034168
_asvkpoA 133438/IIa
_bsvkpo318323
949 _64710701512
_91
_astrmkB
_bstrmk2008/1512
949 _617A0394566
_9P60, <05>, [BOOK], {605}
_asnkSC 63269/2 D1
_bsnkKSP 4702/85
949 _617A0918323
_asnkSC 63269/2
999 _c20628
_d20628